Lucha por la libertad = Free State of Jones /

Uloženo v:
Podrobná bibliografie
Hlavní autor: Ross, Gary (realización)
Další autoři: McConaughey, Matthew (actuación) (actuación), Mbatha-Raw, Gugu (actuación) (actuación), Ali, Mahershala (actuación) (actuación)
Médium: Video
Jazyk:angličtina
Témata:
Tagy: Přidat tag
Žádné tagy, Buďte první, kdo vytvoří štítek k tomuto záznamu!

MARC

LEADER 00000ngm^a2200000^a^4500
001 000395303
005 20250521000000.0
009 20260310121358.679
037 |a Acervo ITESO - Biblioteca 
041 |a ING 
082 |a 810.  |b ROS 
100 |a Ross, Gary  |e (realización) 
240 1 1 |a [Lucha por la libertad] 
245 1 0 |a Lucha por la libertad =  |b Free State of Jones /  |c Realización de G. Ross. 
264 2 |a México :  |b Zima Entertainment [distribución],  |c copyright fecha no identificada 
300 |a 1 DVD regiones 1 y 4 (131 min.) :  |b color 
336 |a imagen móvil bidimensional  |b tdi  |2 rdacontenido 
337 |a video  |b v  |2 rdamedio 
338 |a videodisco  |b vd  |2 rdasoporte 
500 |a Basado en: The free state of Jones : Mississippi's longest civil war, de Victoria E. Bynum 
500 |a Basado en: The state of Jones : the small southern county that seceded from the Confederacy, de Sally Jenkins y John Stauffer 
546 |a En inglés, con subtítulos opcionales: español 
546 |a Doblaje opcional: español 
649 |a XX 
650 |a Revolucionarios Norteamericanos -  |x Biografías -  |x Adaptaciones para Cine 
650 |a Esclavos -  |z EUA -  |x Historia 
650 |a Películas Históricas 
650 |a Dramas Cinematográficos 
650 |a Cine Independiente -  |z EUA 
650 |a Cine Norteamericano -  |y 2010-2019 
650 |a Cine Norteamericano -  |y Siglo XXI 
650 |a Matrimonio Interracial -  |z EUA -  |x Aspectos Jurídicos 
650 |a Matrimonio Interracial -  |z EUA -  |x Historia 
650 |a Linchamientos -  |z EUA (Región Sur) -  |x Historia -  |y Reconstrucción, 1865-1901 
650 |a Mississippi, EUA -  |x Historia -  |y Guerra Civil, 1861-1865 -  |x Tema Principal 
650 |a EUA -  |x Historia -  |y Guerra Civil, 1861-1865 
650 |a EUA -  |x Historia -  |y Siglo XIX 
700 |a McConaughey, Matthew  |e (actuación) 
700 |a Mbatha-Raw, Gugu  |e (actuación) 
700 |a Ali, Mahershala  |e (actuación) 
910 |a Fondo General 
920 |a Audiovisuales - DVDs 
940 |a Películas 
905 |a 302 
901 |a 0500290590  |b IT2  |c DVS  |i C155798  |u 20250521 
902 |a https://opac.biblio.iteso.mx/vufind/Record/000395303